[Event "Titled Tuesday intern op 17th Aug"]
[Site "Chess.com INT"]
[Date "2021.08.17"]
[Round "3"]
[White "Bach, Ngoc Thuy Duong"]
[Black "Upper, John"]
[Result "1-0"]
[WhiteElo "2198"]
[BlackElo "1980"]
[PlyCount "83"]
[EventDate "2021.08.17"]
[EventType "swiss (blitz)"]
[EventRounds "11"]
[EventCountry "USA"]
[SourceTitle "EXT 2022"]
[Source "ChessBase"]
[SourceDate "2021.10.06"]
[SourceVersion "1"]
[SourceVersionDate "2021.10.06"]
[SourceQuality "1"]

1. d4 Nf6 2. c4 e6 3. Nc3 Bb4 4. Qc2 0-0 5. a3 Bxc3+ 6. Qxc3 d5 7. Bg5 h6 8. Bh4 dxc4 9. Qxc4 b6 10. Rd1 Ba6 11. Qa4 Re8 12. Nf3 Qd5 13. Bxf6 Bb5 14. Qc2 gxf6 15. e4 Qd7 16. Qd2 Bxf1 17. Rxf1 Kh7 18. Qf4 Qe7 19. Ke2 Na6 20. Rfe1 c5 21. Kf1 cxd4 22. Nxd4 Rac8 23. Re3 Rg8 24. e5 f5 25. Nxf5 exf5 26. Qxf5+ Kh8 27. g3 Qe6 28. Qf4 Nc5 29. Rd6 Qh3+ 30. Ke2 Qg4+ 31. Qxg4 Rxg4 32. Rxh6+ Kg7 33. Rd6 Ne6 34. f4 Rc2+ 35. Kf3 Rg6 36. h4 Rh6 37. f5 Nc5 38. f6+ Kg6 39. Rd8 Rh7 40. b4 Ne6 41. Rg8+ Kh6 42. g4 1-0

[Event "Titled Tuesday intern op 17th Aug"]
[Site "Chess.com INT"]
[Date "2021.08.17"]
[Round "8"]
[White "Lamotte Tavares, Patrick"]
[Black "Upper, John"]
[Result "0-1"]
[WhiteElo "1914"]
[BlackElo "1980"]
[PlyCount "54"]
[EventDate "2021.08.17"]
[EventType "swiss (blitz)"]
[EventRounds "11"]
[EventCountry "USA"]
[SourceTitle "EXT 2022"]
[Source "ChessBase"]
[SourceDate "2021.10.06"]
[SourceVersion "1"]
[SourceVersionDate "2021.10.06"]
[SourceQuality "1"]

1. c4 e5 2. g3 g6 3. Bg2 Bg7 4. Nc3 Ne7 5. d3 d6 6. Rb1 a5 7. e3 0-0 8. Nge2 c5 9. a3 Nbc6 10. 0-0 f5 11. Nd5 Nxd5 12. Bxd5+ Kh8 13. Nc3 g5 14. Nb5 f4 15. Qh5 Bf5 16. Be4 Bxe4 17. dxe4 f3 18. Rd1 Rf6 19. Qxg5 Qd7 20. Qh5 Raf8 21. Kh1 Rh6 22. Qxh6 Bxh6 23. b3 Qh3 24. Rg1 Rf6 25. g4 Bg5 26. Rg3 Qf1+ 27. Rg1 Qxf2 0-1

[Event "Titled Tuesday intern op 17th Aug"]
[Site "Chess.com INT"]
[Date "2021.08.17"]
[Round "7"]
[White "Upper, John"]
[Black "Bryakin, Mikhail"]
[Result "0-1"]
[WhiteElo "1980"]
[BlackElo "2470"]
[PlyCount "86"]
[EventDate "2021.08.17"]
[EventType "swiss (blitz)"]
[EventRounds "11"]
[EventCountry "USA"]
[SourceTitle "EXT 2022"]
[Source "ChessBase"]
[SourceDate "2021.10.06"]
[SourceVersion "1"]
[SourceVersionDate "2021.10.06"]
[SourceQuality "1"]

1. c4 c5 2. Nf3 Nc6 3. d4 cxd4 4. Nxd4 g6 5. e4 Bg7 6. Be3 Nf6 7. Nc3 d6 8. Be2 0-0 9. 0-0 Bd7 10. Nc2 a5 11. b3 a4 12. Nxa4 Nxe4 13. Bb6 Qc8 14. Qd3 Bf5 15. Qe3 Bxa1 16. Rxa1 Nf6 17. Nd4 Nxd4 18. Bxd4 Qe6 19. Qxe6 fxe6 20. Nb6 Rad8 21. Bf3 e5 22. Be3 e4 23. Be2 Kg7 24. h3 h5 25. Bd4 e5 26. Be3 d5 27. cxd5 Nxd5 28. Nxd5 Rxd5 29. Bc4 Ra5 30. a4 Bd7 31. Rd1 Bc6 32. Bb6 Raa8 33. Bc5 Rfd8 34. Re1 Rd2 35. Be3 Rb2 36. Rd1 Re8 37. Bb6 Re7 38. Bc5 Rd7 39. Rxd7+ Bxd7 40. Kf1 Kf6 41. Ba3 Ra2 42. Bc5 Be6 43. Bxe6 Kxe6 0-1